BSOP header

Leadership in theological education. (Record no. 45970)

MARC details
000 -LEADER
fixed length control field 00912nam a22002778i 4500
001 - CONTROL NUMBER
control field 019086669
003 - CONTROL NUMBER IDENTIFIER
control field Uk
005 - DATE AND TIME OF LATEST TRANSACTION
control field 20190322105738.0
008 - FIXED-LENGTH DATA ELEMENTS--GENERAL INFORMATION
fixed length control field 181011s2018 enk 000|0|eng|d
015 ## - NATIONAL BIBLIOGRAPHY NUMBER
National bibliography number GBB8I9631
Source bnb
016 7# - NATIONAL BIBLIOGRAPHIC AGENCY CONTROL NUMBER
Record control number 019086669
Source Uk
020 ## - INTERNATIONAL STANDARD BOOK NUMBER
International Standard Book Number 9781783684779
245 00 - TITLE STATEMENT
Title Leadership in theological education.
Number of part/section of a work Volume 3,
Name of part/section of a work Foundations for faculty development /
Statement of responsibility, etc edited by Fritz Deininger, Orbelina Eguizabal.
246 30 - VARYING FORM OF TITLE
Title proper/short title Foundations for faculty development.
260 ## - PUBLICATION, DISTRIBUTION, ETC. (IMPRINT)
Place of publication, distribution, etc Carlisle :
Name of publisher, distributor, etc Langham Global Library,
Date of publication, distribution, etc 2018.
300 ## - PHYSICAL DESCRIPTION
Extent 1 volume ;
Dimensions 23 cm.
336 ## - CONTENT TYPE
Content Type Term text
Source rdacontent.
337 ## - MEDIA TYPE
Media Type Term unmediated
Source rdamedia.
338 ## - CARRIER TYPE
Carrier Type Term volume
Source rdacarrier.
650 #0 - SUBJECT ADDED ENTRY--TOPICAL TERM
Topical term or geographic name as entry element Religious education.
650 #0 - SUBJECT ADDED ENTRY--TOPICAL TERM
Topical term or geographic name as entry element Religious educators
General subdivision Training of.
650 #0 - SUBJECT ADDED ENTRY--TOPICAL TERM
Topical term or geographic name as entry element Educational leadership.
700 1# - ADDED ENTRY--PERSONAL NAME
Personal name Deininger, Fritz,
Relator term editor.
700 1# - ADDED ENTRY--PERSONAL NAME
Personal name Eguizabal, Orbelina,
Relator term editor.
942 ## - ADDED ENTRY ELEMENTS (KOHA)
Source of classification or shelving scheme Library of Congress Classification
Item type Books
Holdings
Withdrawn status Lost status Source of classification or shelving scheme Damaged status Not for loan Home library Current library Shelving location Date acquired Source of acquisition Cost, normal purchase price Serial Enumeration / chronology Inventory number Total Checkouts Full call number Barcode Date last seen Price effective from Koha item type
    Library of Congress Classification     BSOP Library BSOP Library GC 03/22/2019 Langham 669.33 v.III 45920   BV4020 L46 2017 v.III 00056920 03/22/2019 03/22/2019 Books
BSOP

Biblical Seminary of the Philippines
  All rights Reserved
  © 2024

CONTACT INFORMATION

Biblical Seminary of the Philippines,
  77-B Karuhatan Road, Valenzuela City,
  PHILIPPINES 1441
  Phone: +632 8292-6795 / 8292-6798
  Fax : +632 8292-6675
  Email: library@bsop.edu.ph